Statistics for Premier Protein Flavors

Click here to take the quiz!

General Stats

  • This quiz has been taken 10 times
  • The average score is 5 of 15

Answer Stats

Answer% Correct
Chocolate
100%
Vanilla
100%
Cookies & Cream
70%
Banana
60%
Strawberries & Cream
40%
Caramel
30%
Chocolate Peanut Butter
30%
Cafe Latte
20%
Cake Batter
20%
Peaches & Cream
20%
Bananas & Cream
10%
Cinnamon Roll
10%
Pumpkin Spice
10%
Winter Mint
10%
Root Beer Float
0%

Score Distribution

Percentile by Number Answered

Percent of People with Each Score

Your Score History

You have not taken this quiz